000 00767nam a2200265Ia 4500
005 20250425162209.0
008 250425s9999 xx 000 0 und d
020 _a9978439897
041 _aspa
082 _a634.956
100 _aNIETO CABRERA, CARLOS
245 0 _aSISTEMAS AGROFORESTALES APLICABLES EN LA SIERRA ECUATORIANA: RESULTADOS DE UNA DECADA DE EXPERINECIAS DE CAMPOA
250 _a1A ED.
260 _aEcuador
_bINIAP
_c2005
260 _aQUITO
300 _a195
500 _aEN CIBGZ-FIMCP D-30881 PARA ING. AGROP.- MHP.
650 _aAGROFORESTERIA
650 _aCONSERVACION
650 _aRECURSOS NATURALES-ECUADOR
700 _aGALARZA ROSALES, JEFFERSON
700 _aRAMOS VEINTIMILLA, RAUL
942 _c01
010 _a55548
999 _c224326
_d224326